| 000 | 00985nam a2200289 i 4500 | ||
|---|---|---|---|
| 003 | DO-SdBNP | ||
| 005 | 20250717140201.0 | ||
| 007 | ta | ||
| 008 | 250423b2012 dr ||||| |||| 00| 0 spa d | ||
| 020 | _a9789945003642 | ||
| 040 |
_aDO-SdBNP _bspa _cBNPHU _erda |
||
| 041 | _aspa | ||
| 082 | 4 |
_axxx _bR595c 2012 _222 |
|
| 100 | 1 |
_aRisco Bermúdez, René del, _d1937-1972 _eautor _4aut. _912315 |
|
| 245 | 1 | 3 |
_aEl cumpleaños de Porfirio Chávez / _cRené del Risco Bermúdez ; epílogo, Miguel D. Mena. |
| 264 | 4 |
_aSanto Domingo : _bEdiciones Cielonaranja, _c©2012 |
|
| 300 |
_a131 páginas ; _c21 cm. |
||
| 336 |
_atexto _btxt _2rdacontent |
||
| 337 |
_asin mediación _bn _2rdamedia |
||
| 338 |
_avolumen _bnc _2rdacarrier |
||
| 490 | _aColección Obra Completa | ||
| 500 | _aIncluye referencias bibliográficas y notas al pie de las páginas | ||
| 590 | _aInventariado, 2025 /BT | ||
| 700 | 1 |
_aMena, Miguel D., _d1961- _eepílogo _972804 |
|
| 910 | _aBtavárez | ||
| 942 |
_2ddc _cLBS1 |
||
| 999 |
_c59571 _d59571 |
||